Nezaležnistʹ u polumʼï vijny: ukraïnsʹka literatura sprotyvu

Titel: Nezaležnistʹ u polumʼï vijny: ukraïnsʹka literatura sprotyvu : kolektyyvna monohrafija / za nauk. red. Mykoly Žulynsʹkoho
Beteiligt:
Veröffentlicht: Kyïv : NAN Ukraïny, Instytut literatury im. T.H. Ševčenka, 2024
Umfang: 459 Seiten
Format: Buch
Sprache: Ukrainisch
Schlagworte:
ISBN: 9786171402799
Buchumschlag
X
alg: 54126123
001A    $03004:13-01-26 
001B    $03004:13-01-26 $t10:51:49.000 
001D    $03004:13-01-26 
001U    $0utf8 
001X    $00 
002@    $0Aau 
002C    $aText $btxt $2rdacontent 
002D    $aohne Hilfsmittel zu benutzen $bn $2rdamedia 
002E    $aBand $bnc $2rdacarrier 
003@    $0541261231 
004A    $A978-617-14-0279-9 
006L    $01917218168 $2KXP 
007A    $0BV050136169 $aBVB 
010@    $aukr 
010E    $erda 
011@    $a2024 $n2024 
021A    $aNezaležnistʹ u polumʼï vijny: ukraïnsʹka literatura sprotyvu $T01 $dkolektyyvna monohrafija $ULatn $hza nauk. red. Mykoly Žulynsʹkoho 
021A    $aНезалежнiсть у полумʼï вiйни: украïнська лiтература спротиву $T01 $dколектиивна монографiя $UCyrl $hза наук. ред. Миколи Жулинського 
028C    $BHerausgeber $#Жулинський, Микола Григорович $#Žulinskij, Nikolaj Grigor'evič $#Zhulinskii, Mykola Hrychoriovych $#Z︠H︡ulynsʹkyĭ, Mykola H. $#Z︠H︡ulynsʹkyĭ, Mykola Hryhorovych $#Zhulynsʹkyi, M. H. $#Zhulynsʹkyi, Mykola H. $#Žulinskij, Nikolaj G. $#Žulinskij, Nikolaj Grigorʹevič $#Žulynsʹki, Mykola $#Žulynsʹkyj, Mykola $#Žulynsʹkyj, Mykola H. $#Žulynsʹkyj, M. H. $#Žulynsʹkyj, M. $#Жулинський, М. Г. $T01 $4edt $ULatn $7103485198 $8Žulynsʹkyj, Mykola Hryhorovyč$Z1940- [Tp1] $9138881391 
028C    $BHerausgeber $#Жулинський, Микола Григорович $#Žulinskij, Nikolaj Grigor'evič $#Zhulinskii, Mykola Hrychoriovych $#Z︠H︡ulynsʹkyĭ, Mykola H. $#Z︠H︡ulynsʹkyĭ, Mykola Hryhorovych $#Zhulynsʹkyi, M. H. $#Zhulynsʹkyi, Mykola H. $#Žulinskij, Nikolaj G. $#Žulinskij, Nikolaj Grigorʹevič $#Žulynsʹki, Mykola $#Žulynsʹkyj, Mykola $#Žulynsʹkyj, Mykola H. $#Žulynsʹkyj, M. H. $#Žulynsʹkyj, M. $#Жулинський, М. Г. $T01 $4edt $UCyrl $7103485198 $8Жулинський, Микола Григорович$Z1940- [Tp1] $9138881391 
033A    $pKyïv $T01 $ULatn $nNAN Ukraïny, Instytut literatury im. T.H. Ševčenka 
033A    $pКиïв $T01 $UCyrl $nНАН Украïни, Iнститут лiтератури iм. Т.Г. Шевченка 
034D    $a459 Seiten 
044K    $qK10plus $ROstslawische Sprachen $#Ukrainian language $#Ukrainien (langue) $#Lingua ucraina $#Lengua ucraniana $#Ukrainisch $#Ruthenisch Ukrainisch $#Kleinrussisch $74120373-2 $8Ukrainisch [Ts1] $908538402X 
044K    $qK10plus $RMotiv $#War in literature $#War in art $#Guerre Dans l'art $#Guerra En el arte $#Guerra En la literatura $74136410-7 $8Krieg$gMotiv [Ts1] $9085507121 
044K    $qK10plus $RBuch $RSchriftsteller $#Literature $#Littérature $#Letteratura $#Literatura $#literature $#Literature $#Literatur $#Literatur $#Belletristik $#Dichtung Literatur $#Schöne Literatur $#Sprachkunst $#Wortkunst $74035964-5 $8Literatur [Tsz] $9085097128 
044K    $qK10plus $RKombattant $ROpposition $RWiderstandskämpfer $RProtest $#Government, Resistance to $#Underground movements, War $#Résistance politique $#Mouvements de résistance $#Politischer Widerstand $#Widerstand $#Widerstandsbewegung $#Politischer Widerstand $#Widerstandsbewegung $#Politischer Widerstand $#Widerstandsbewegung $74079262-6 $8Widerstand [Ts1] $9085225177 
045F    $a809 $eDDC23BSB 
045F/01 $a809 
045F/03 $f09033 
045F/03 $f09034 
045F/03 $f0904 
045F/03 $g477 
045G    $a355.009477090513 $eDDC23BSB 
045G/01 $a355.009 
045G/03 $f090513 
045G/03 $g477 
045G/03 $g471 
045R    $aGeschichte 
045R/01 $aGeschichte 1780-2024 
045T    $aSLAW $qDE-1a $2FID 
046L    $aText ukrainisch; kyrillische Schrift 
047I    $aУ праці досліджено українську літературу як чинник інтелектуального протистояння імперським вторгненням, проаналізовано окремі твори літератури спротиву в історико-культурній тяглості, зокрема розглянуто тексти, які з’явилися після 24 лютого 2022 року. Українську літературу проаналізовано як формотворчий складник та рушій процесів націєтворення; досліджено явища, тенденції, тематику й проблематику літератури від кінця XVIII століття до сучасності у загальному культурно-мистецькому українському та європейському контекстах 

lok: 54126123 24

exp: 54126123 24 1 #EPN
201B/01 $013-01-26 $t11:05:58.000 
201C/01 $013-01-26 
201U/01 $0utf8 
203@/01 $01332056032 
208@/01 $a13-01-26 $bz 
209A/01 $a25.07186 $du $f050 $h25 07186 $x00 
209C/01 $a25.07186 K $h25 07186 K 
209G/01 $a74964990 $x00 
220C/01 $ajwa 
247C/01 $8358050-7 Marburg, Bibliothek des Herder-Instituts Marburg $9102600961
LEADER 00000nam a2200000 c 4500
001 541261231
003 DE-603
005 20260113105149.0
007 tu
008 260113s2024 xx |||| | u00||u|ukr c
020 |a 9786171402799 
035 |a (DE-599)BVBBV050136169 
035 |a (DE-627)1917218168 
040 |a DE-603  |b ger  |c DE-603  |d DE-603  |e rda 
041 |a ukr 
082 0 4 |8 1\u  |a 809  |q DE-101  |2 23/BSB 
083 0 |8 2\u  |a 355.009477090513  |q DE-101  |2 23/BSB 
084 |a SLAW  |q DE-1a  |2 fid 
085 |8 1\u  |b 809 
085 |8 1\u  |z 1  |s 09033 
085 |8 1\u  |z 1  |s 09034 
085 |8 1\u  |z 1  |s 0904 
085 |8 1\u  |z 2  |s 477 
085 |8 2\u  |b 355.009 
085 |8 2\u  |z 1  |s 090513 
085 |8 2\u  |z 2  |s 477 
085 |8 2\u  |z 2  |s 471 
245 0 0 |6 880-01/Latn  |a Nezaležnistʹ u polumʼï vijny: ukraïnsʹka literatura sprotyvu  |b kolektyyvna monohrafija  |c za nauk. red. Mykoly Žulynsʹkoho 
264 1 |6 880-03/Latn  |a Kyïv  |b NAN Ukraïny, Instytut literatury im. T.H. Ševčenka  |c 2024 
300 |a 459 Seiten 
336 |a Text  |b txt  |2 rdacontent 
337 |a ohne Hilfsmittel zu benutzen  |b n  |2 rdamedia 
338 |a Band  |b nc  |2 rdacarrier 
520 |a У праці досліджено українську літературу як чинник інтелектуального протистояння імперським вторгненням, проаналізовано окремі твори літератури спротиву в історико-культурній тяглості, зокрема розглянуто тексти, які з’явилися після 24 лютого 2022 року. Українську літературу проаналізовано як формотворчий складник та рушій процесів націєтворення; досліджено явища, тенденції, тематику й проблематику літератури від кінця XVIII століття до сучасності у загальному культурно-мистецькому українському та європейському контекстах 
546 |a Text ukrainisch; kyrillische Schrift 
648 7 |a Geschichte  |2 gnd 
648 7 |a Geschichte 1780-2024  |2 gnd 
650 7 |a Ukrainisch  |0 (DE-588)4120373-2  |0 (DE-603)08538402X  |2 gnd 
650 7 |a Krieg  |g Motiv  |0 (DE-588)4136410-7  |0 (DE-603)085507121  |2 gnd 
650 7 |a Literatur  |0 (DE-588)4035964-5  |0 (DE-603)085097128  |2 gnd 
650 7 |a Widerstand  |0 (DE-588)4079262-6  |0 (DE-603)085225177  |2 gnd 
700 1 |6 880-02/Latn  |a Žulynsʹkyj, Mykola Hryhorovyč  |d 1940-  |e Herausgeber  |4 edt  |0 (DE-603)138881391  |0 (DE-588)103485198  |2 gnd 
880 1 |6 264-03/Cyrl  |a Киïв  |b НАН Украïни, Iнститут лiтератури iм. Т.Г. Шевченка  |c 2024 
880 0 0 |6 245-01/Cyrl  |a Незалежнiсть у полумʼï вiйни: украïнська лiтература спротиву  |b колектиивна монографiя  |c за наук. ред. Миколи Жулинського 
880 1 |6 700-02/Cyrl  |a Жулинський, Микола Григорович  |d 1940-  |e Herausgeber  |4 edt  |0 (DE-603)138881391  |0 (DE-588)103485198  |2 gnd 
924 0 |9 Mb 50  |a (DE-603)1332056032  |b DE-Mb50  |c HES  |d c  |g 25.07186